Fundamentals of Corporate Finance. (Record no. 1844)

MARC details
005 - DATE AND TIME OF LATEST TRANSACTION
control field 20250430150047.0
020 ## - INTERNATIONAL STANDARD BOOK NUMBER
International Standard Book Number 0-07-246974-9
082 ## - DEWEY DECIMAL CLASSIFICATION NUMBER
Classification number 658.15 R0S
100 ## - MAIN ENTRY--PERSONAL NAME
Author name ROSS, S. A.
245 ## - TITLE STATEMENT
Title Fundamentals of Corporate Finance.
250 ## - EDITION STATEMENT
Edition statement 6th Ed
260 ## - PUBLICATION, DISTRIBUTION, ETC.
Place of publication, distribution, etc. New York,
Name of publisher, distributor, etc. McGraw-Hall,
Date of publication, distribution, etc. 2003.
300 ## - PHYSICAL DESCRIPTION
Extent Xxxi, 821p.: ill.; figure
Other physical details Index
Dimensions 26cm.
700 ## - ADDED ENTRY--PERSONAL NAME
Other authors/Editors WESTERFIELD, R.W & JORDAN, B. D.
856 ## - ELECTRONIC LOCATION AND ACCESS
Link text Access Online Book
Electronic name Finance
Path http://www.mhhe.com
942 ## - ADDED ENTRY ELEMENTS (KOHA)
Source of classification or shelving scheme Dewey Decimal Classification
Koha item type Books
Holdings
Date last seen Total checkouts Full call number Barcode Cost, replacement price Price effective from Koha item type Lost status Source of classification or shelving scheme Damaged status Not for loan Withdrawn status Home library Current library Shelving location Date acquired Cost, normal purchase price
04/30/2025   658.15 R0S 0000007184 150000.00 04/30/2025 Books   Dewey Decimal Classification       College of Business Education Main Library College of Business Education Main Library General Collection 05/28/2010 50000.00
04/30/2025   658.15 ROS 0000007214 150000.00 04/30/2025 Books   Dewey Decimal Classification       College of Business Education Main Library College of Business Education Main Library General Collection 05/28/2010 50000.00
04/30/2025   658.15 ROS 0000007215 150000.00 04/30/2025 Books   Dewey Decimal Classification       College of Business Education Main Library College of Business Education Main Library General Collection 05/28/2010 50000.00
04/30/2025   658.15 ROS 0000007216 150000.00 04/30/2025 Books   Dewey Decimal Classification       College of Business Education Main Library College of Business Education Main Library General Collection 05/28/2010 50000.00
04/30/2025   658.15 ROS 0000007217 150000.00 04/30/2025 Books   Dewey Decimal Classification       College of Business Education Main Library College of Business Education Main Library General Collection 05/28/2010 50000.00
04/30/2025   658.15 ROS 0000007218 150000.00 04/30/2025 Books   Dewey Decimal Classification       College of Business Education Main Library College of Business Education Main Library General Collection 05/28/2010 50000.00